| 000 | 00684cam a22002417a 4500 | ||
|---|---|---|---|
| 003 | CHAP | ||
| 005 | 20220329134308.0 | ||
| 008 | 971013s r 00010 d | ||
| 010 | _a18317 | ||
| 011 | _a19289 | ||
| 035 | _a23374 | ||
| 040 | _cCHAP | ||
| 090 | _aR-677 | ||
| 100 | 0 | 0 |
_aJull, Morley Allan. _962335 |
| 245 | 1 | 3 | _aLa industria avícola en los estados Unidos |
| 500 | _aSobretiro de : Boletín de la Unión Panamericana (12p.) | ||
| 590 |
_aBATCH-UPD _b10 _c20130110 _lUCH01 _h1941 |
||
| 590 |
_aCONVERSION _b10 _c20130109 _lUCH01 _h1311 |
||
| 650 | 1 | 4 |
_aAvicultura _xIndustria. _98731 |
| 901 | _aBK | ||
| 942 | _cREIMP | ||
| 949 |
_aR-677 _bBC _cR _d-54431 _eTS1 _i23374 _si |
||
| 999 |
_c18317 _d18317 |
||